Specifika ekonomické reformy v ČLR.

Úspechy a omyly prvého obdobia budovania socializmu vyznačujúceho sa centralizovaným riadením. Obdobie politiky Úprav hospodárstva. Základné princípy reforiem boli vyhlásené v r. 1980 a prijaté na 3. zasadaní ÚV KSČ v r. 1983. Zhodnotenie základných úloh reforiem a problémov, ktoré ich sprevádzali a...

Descrizione completa

Salvato in:
Dettagli Bibliografici
Autore principale: Císařová, P.
Natura: Capitolo di libro
Lingua:ceco
Soggetti:
Tags: Aggiungi Tag
Nessun Tag, puoi essere il primo ad aggiungerne!!

MARC

LEADER 00000naa a2200000 4500
001 r001821
005 20221125080711.4
041 0 |a cze 
044 |a [CS] 
245 1 0 |a Specifika ekonomické reformy v ČLR.  |c P. Císařová 
520 |a Úspechy a omyly prvého obdobia budovania socializmu vyznačujúceho sa centralizovaným riadením. Obdobie politiky Úprav hospodárstva. Základné princípy reforiem boli vyhlásené v r. 1980 a prijaté na 3. zasadaní ÚV KSČ v r. 1983. Zhodnotenie základných úloh reforiem a problémov, ktoré ich sprevádzali a sprevádzajú. 
610 2 0 |a reformy hospodárske 
610 2 0 |a Čína 
610 2 0 |a hospodárstvo socialistické 
610 2 0 |a sektor štátny 
610 2 0 |a sektor súkromný 
610 2 0 |a plánovanie podnikové 
610 2 0 |a poľnohospodárstvo 
610 2 0 |a trh 
100 1 |a Císařová, P.